000
00296nam a22001337a 4500
008
170209b xxu||||| |||| 00| 0 eng d
020
_a
2800071421913
041
_a
eng
080
_a
61
100
_a
4
101
_a
SHM
245
_a
CASE FILES INTERNAL MEDICINE
_c
PITCHER.D
942
_2
udc
_c
BK
999
_c
5058
_d
5058